| 000 | 00550nam a2200193Ia 4500 | ||
|---|---|---|---|
| 001 | 54600 | ||
| 008 | 120329n2011 ii |||gr||||Z||||||465 | ||
| 020 | _a9789381667002 | ||
| 082 | _a320.011 | ||
| 245 | 0 |
_aPolitical Theory : _bIssues,Concepts And Debates / _cAkhil Ranjan Dutta . _hTextual Documents |
|
| 250 | _aIst ed. | ||
| 260 |
_aAssam _bArun Prakashan _c2011 |
||
| 300 |
_a326pg: _c23cm. |
||
| 653 | _aPolitical science | ||
| 653 | _aPolitical Theory | ||
| 653 | _aMajor sec. - Pol.sc | ||
| 700 |
_aDutta ., _eAkhil Ranjan. |
||
| 942 |
_2ddc _cBK |
||
| 999 |
_c54555 _d54555 |
||